Responses for Show #2475 - Friday, May 12, 1995

1995 College Championship final game 2.

Contestants

[<< previous game]

Rebekah Reeves, a freshman from Texas A&M University (subtotal of $6,000)

Ben Lyon, a freshman from the University of Oklahoma (subtotal of $5,500)

Steve Smith, a senior from the University of Notre Dame (subtotal of $8,000)

[next game >>]

Jeopardy! Round responses

THE INSECT WORLD
THE OLYMPICS
TRAVEL U.S.A.
FAMOUS WOMEN
RELIGION
"P"s & "Q"s
    $100 11
(Steve: What is the ear? Ears.)

hearing

SteveBen
    $100 1
archery

Ben
    $100 6
Nashville

Ben
    $100 16
Martina Navratilova

Ben
    $100 21
Jerusalem

Rebekah
    $100 30
quills

Steve
    $200 12
(Rebekah: What is honey?)

wax

BenRebekah
    $200 2
Cuba

Rebekah
    $200 7
Honolulu

Ben
    $200 17
Corazon Aquino

Steve
    $200 22
Voodoo

Rebekah
    $200 29
a quarry

Rebekah
    $300 13
(Steve: What is a stinger?)

wings

SteveBen
    $300 3
Greg Louganis

Ben
    $300 8
North Dakota

Ben
    $300 18
(Ben: Who is Queen Elizabeth?)

Lady Godiva

Ben
Triple Stumper
    $300 23
Buddhism

Ben
    $1,300 28
(Ben: Uh, what is... quack?)

psycho

Ben
    $400 14
(Ben: What is a grasshopper?)

a beetle

BenRebekah
    $400 4
Athens

Ben
    $400 9
(Ben: What is Jamestown?)

Williamsburg

SteveBen
    $400 19
(Rosa) Parks

Ben
    $400 24
a star

Ben
    $400 27
(Ben: What is paramount?)

pinnacle

Ben
Triple Stumper
    $500 15
(Ben: Uh, what are dragonflies?)

flies

SteveBen
    $500 5
the pentathlon

Ben
    $500 10
New Orleans

Ben
    $500 20
Dee Dee Myers

Ben
    $500 25
Shinto

Triple Stumper
    $500 26
quadriceps

Ben

Scores at the first commercial break (after clue 13):

Steve Ben Rebekah
$0 $2,600 $0

Scores at the end of the Jeopardy! Round:

Steve Ben Rebekah
$800 $1,900 $900

Double Jeopardy! Round responses

U.S. PRESIDENTS
AWARDS
WORLD CAPITALS
ARCHITECTURAL TERMS
SCULPTURE
ENGLISH LITERATURE
    $200 1
Ronald Reagan

Ben
    $200 21
Japan

Rebekah
    $200 2
Moscow

Ben
    $200 22
a mosque

Ben
    $200 11
Richelieu

Ben
    $200 16
(Rebekah: Who is Bronte?)
(Alex: Which one?)

Charlotte Bronte

Rebekah
    $400 6
Jefferson

Steve
    $400 23
(General Colin) Powell

Ben
    $400 3
Berlin

Rebekah
    $400 27
Egypt

Ben
    $400 12
Cubism

Rebekah
    $400 17
(Joseph) Conrad

Rebekah
    $600 7
Eisenhower

Steve
    $600 24
Frost

Ben
    $600 4
Sofia

Rebekah
    $600 28
(Steve: What are snakes?)

worms

SteveRebekah
    $600 13
Ruth

Rebekah
    $600 18
(Henry) Fielding

Ben
    $1,000 8
(James K.) Polk

Steve
    $800 25
(Ben: What is Art?)

Music

Ben
Triple Stumper
    $800 5
Riga

Steve
    $800 29
(Steve: What is a balcony?)

a dome

Steve
Triple Stumper
    $800 14
Hermes

Ben
    $800 19
Keats

Ben
    $1000 9
Taft

Ben
    $1000 26
Edwin Land

Triple Stumper
    $1000 10
Pyongyang

Ben
    $1,200 30
windows

Rebekah
    $1000 15
(Alexander) Calder

Ben
    $1000 20
(Anthony) Burgess

Ben

Scores at the end of the Double Jeopardy! Round:

Steve Ben Rebekah
$2,200 $9,500 $5,500

[wagering suggestions for these scores]

Final Jeopardy! Round responses

FAMOUS AMERICANS
SteveWho is Hamilton?
$2,200
RebekahWho is Hamilton?
$2,300
BenWho is Hamilton
$2,000
Alexander Hamilton

Final scores:

Steve Ben Rebekah
$4,400 $11,500 $7,800

Cumulative scores:

Steve Ben Rebekah
$12,400 $17,000 $13,800
2nd runner-up: $12,400 Tournament champion: $25,000 + a Volvo 850 GLT + a trophy 1st runner-up: $13,800

Game dynamics:

Coryat scores:

Steve Ben Rebekah
$2,000 $10,800 $5,300
8 R
(including 1 DD),
4 W
31 R,
7 W
(including 1 DD)
14 R
(including 1 DD),
1 W

Combined Coryat: $18,100

[game clues] [game scores] [suggest correction]

Game tape date: 1995-04-02
The J! Archive is created by fans, for fans. Scraping, republication, monetization, and malicious use prohibited; this site may use cookies and collect identifying information. See terms. The Jeopardy! game show and all elements thereof, including but not limited to copyright and trademark thereto, are the property of Jeopardy Productions, Inc. and are protected under law. This website is not affiliated with, sponsored by, or operated by Jeopardy Productions, Inc. Join the discussion at JBoard.tv.